[Event "EU-ch Seniors 05th"]
[Site "Bad Homburg"]
[Date "2005.??.??"]
[Round "5"]
[White "Margolit, Remir B"]
[Black "Limberg, Siegfried"]
[Result "1-0"]
[WhiteElo "2336"]
[BlackElo "2143"]
[PlyCount "75"]
[EventDate "2005.06.25"]
[EventType "swiss"]
[EventRounds "9"]
[EventCountry "GER"]
[SourceTitle "EXT 2006"]
[Source "ChessBase"]
[SourceDate "2005.11.24"]
[SourceVersion "1"]
[SourceVersionDate "2005.11.24"]
[SourceQuality "1"]

1. c4 c5 2. Nc3 g6 3. g3 Bg7 4. Bg2 Nf6 5. e4 Nc6 6. Nge2 e5 7. d3 d6 8. 0-0 0-0 9. h3 Be6 10. f4 Nd4 11. Nxd4 cxd4 12. Ne2 Ne8 13. f5 Bd7 14. Bd2 gxf5 15. Rxf5 Bxf5 16. exf5 Rb8 17. a4 Qf6 18. g4 Bh6 19. Ng3 Bxd2 20. Qxd2 h6 21. Ne4 Qg7 22. Rf1 f6 23. Kh2 Kh7 24. b4 b6 25. Qf2 Rd8 26. Ra1 Nc7 27. a5 d5 28. axb6 axb6 29. Ng3 dxc4 30. dxc4 Rd7 31. Bc6 Re7 32. Ne4 Rd8 33. Qh4 Rf8 34. Rg1 Kh8 35. g5 Qh7 36. gxf6 Ref7 37. Rg6 Ne8 38. Bxe8 1-0

[Event "ESP-ch Seniors"]
[Site "Mallorca"]
[Date "2004.10.20"]
[Round "9"]
[White "Waisberg, Arnold"]
[Black "Margolit, Remir B"]
[Result "1/2-1/2"]
[WhiteElo "2121"]
[BlackElo "2353"]
[PlyCount "30"]
[EventDate "2004.10.12"]
[EventType "swiss"]
[EventRounds "9"]
[EventCountry "ESP"]
[SourceTitle "EXT 2005"]
[Source "ChessBase"]
[SourceDate "2004.11.15"]
[SourceVersion "1"]
[SourceVersionDate "2004.11.15"]
[SourceQuality "1"]

1. e4 c6 2. d4 d5 3. exd5 cxd5 4. c4 Nf6 5. Nc3 e6 6. Nf3 Be7 7. c5 0-0 8. Bd3 b6 9. b4 a5 10. Na4 Nfd7 11. a3 axb4 12. axb4 e5 13. Nxe5 Nxe5 14. dxe5 bxc5 15. bxc5 Bxc5 1/2-1/2

[Event "EU-ch Seniors 03rd"]
[Site "Saint Vincent"]
[Date "2003.09.18"]
[Round "2"]
[White "Margolit, Remir B"]
[Black "Barlocco, Carlo"]
[Result "1-0"]
[WhiteElo "2365"]
[BlackElo "2150"]
[PlyCount "73"]
[EventDate "2003.09.17"]
[EventType "swiss"]
[EventRounds "9"]
[EventCountry "ITA"]
[SourceTitle "CBM 096 Extra"]
[Source "ChessBase"]
[SourceDate "2003.10.22"]
[SourceVersion "2"]
[SourceVersionDate "2003.10.20"]
[SourceQuality "1"]

1. c4 Nc6 2. Nc3 e5 3. g3 f5 4. Bg2 Nf6 5. e3 Bb4 6. Nge2 d6 7. Nd5 Bd7 8. 0-0 Rb8 9. d4 Nxd5 10. cxd5 Ne7 11. a3 Ba5 12. b4 Bb6 13. dxe5 dxe5 14. Bb2 Ng6 15. h4 Qe7 16. Qb3 Bb5 17. Rfe1 Bxe2 18. Rxe2 e4 19. Qc3 0-0 20. h5 Nh8 21. h6 Ng6 22. Qxg7+ Qxg7 23. Bxg7 Rf7 24. Rd2 Rd8 25. Bf1 Rd6 26. Bc4 Rfd7 27. Rc2 Kf7 28. Rac1 Re7 29. a4 a5 30. Rb1 Ke8 31. bxa5 Bxa5 32. Rxb7 Rb6 33. Bb5+ Kf7 34. Ra7 Rxb5 35. axb5 Bb6 36. Rb7 Rd7 37. Bd4 1-0